000 00882nac a22002777a 4500
001 BR9700539
003 BR-BrBNA
005 20240105121836.0
008 230509b bl.|||m| |||| 00| 0 por d
040 _aBR-BrBNA
_bpor
_cBiblioteca Nacional de Agricultura
072 _aP31
090 _aP31 BR9700539
100 1 _aDantas, H. da S.
110 1 _aConselho de Desenvolvimento de Pernambuco (Brasil)
_92591
245 1 _aDiagnostico pedologico de Pernambuco (litoral-mata e sertao)- versao preliminar
260 3 _aRecife, PE (Brasil):
_c1970.
300 _a65 p.
490 _aCadernos do Conselho de Desenvolvimento de Pernambuco (Brazil)
_vno. 2
_x
500 _a8 illus.; 21 ref.
650 _aSolo
650 _aPedologia
650 _aReconhecimento do Solo
650 _aPernambuco
909 _a202312
_bLúcia Elande
_c55
_dLúcia Elande
942 _2AGRIS
_n0
_cMS
999 _c287777
_d287777